| 000 -LEADER |
| fixed length control field |
00491pam a2200181 a 4500 |
| 020 ## - INTERNATIONAL STANDARD BOOK NUMBER |
| ISBN |
0070355460 : |
| 040 ## - CATALOGING SOURCE |
| Transcribing agency |
DLC |
| 082 00 - DEWEY DECIMAL CLASSIFICATION NUMBER |
| Classification number |
540 MCG 1990 A058 Or. |
| 100 1# - MAIN ENTRY--AUTHOR NAME |
| Personal name |
Kroschwitz, Jacqueline I. |
| 245 10 - TITLE STATEMENT |
| Title |
Chemistry : |
| Remainder of title |
general, organic, biological / |
| 250 ## - EDITION STATEMENT |
| Edition statement |
2nd ed. |
| 260 ## - PUBLICATION, DISTRIBUTION, ETC. (IMPRINT) |
| Place of publication |
New York : |
| Name of publisher |
McGraw-Hill, |
| Year of publication |
c1990. |
| 300 ## - PHYSICAL DESCRIPTION |
| Number of Pages |
xx, 916 p. : |
| Other physical details |
ill. ; |
| Dimensions |
26 cm. |
| 490 1# - SERIES STATEMENT |
| Series statement |
Schaum' outline series in science |
| 650 #0 - SUBJECT ADDED ENTRY--TOPICAL TERM |
| Topical Term |
Chemistry. |
| 700 1# - ADDED ENTRY--PERSONAL NAME |
| Personal name |
Winokur, Melvin. |
| 942 ## - ADDED ENTRY ELEMENTS (KOHA) |
| Koha item type |
សៀវភៅភាសាអង់គ្លេស |
| 952 ## - LOCATION AND ITEM INFORMATION (KOHA) |
| Withdrawn status [LOCAL, KOHA] |
0 |